| 000 | 00489nam a2200157 a 4500 | ||
|---|---|---|---|
| 001 | 000032612 | ||
| 005 | 20200930065732.0 | ||
| 008 | 110719s1984 dr 000 0 spa d | ||
| 040 |
_aDO-SdBNP _bspa _cBNPHU |
||
| 082 |
_axxxx _bT233b |
||
| 100 | 1 |
_aTaveras, Juan Manuel _98588 |
|
| 245 | 1 | 0 |
_aBase para una política ecnómica general : _bPuede nuestro país salir adelante? / _cJuan Manuel Taveras. |
| 260 |
_aSanto Domingo : _bTaller, _c1984. |
||
| 300 |
_a26 p. ; _c21 cm. |
||
| 049 | _aBNPD | ||
| 999 |
_c32103 _d32103 |
||